Statistics for Random United States Map Quiz

Click here to take the quiz!

General Stats

  • This quiz has been taken 371 times
  • The average score is 9 of 10

Answers on the Map

Answers color-coded by a green-red scale on the quiz's map according to % correct below.
 

Answer Stats

Answer% Correct
California
100%
Florida
100%
Kentucky
100%
Minnesota
100%
Vermont
100%
Washington
100%
Tennessee
97%
Wisconsin
97%
Georgia
96%
Illinois
96%
Indiana
96%
Oklahoma
96%
Virginia
96%
Maine
95%
South Dakota
95%
Alabama
94%
Alaska
94%
Idaho
94%
West Virginia
94%
Massachusetts
93%
Montana
93%
Pennsylvania
93%
Arizona
92%
Maryland
92%
Mississippi
92%
Texas
92%
Arkansas
91%
Delaware
91%
Hawaii
91%
New Mexico
90%
Utah
90%
Wyoming
90%
Michigan
89%
North Dakota
89%
Louisiana
88%
Nebraska
88%
Nevada
88%
New Hampshire
88%
Ohio
88%
Iowa
87%
Rhode Island
87%
New York
86%
Oregon
86%
Colorado
84%
Kansas
84%
Connecticut
81%
New Jersey
80%
North Carolina
76%
South Carolina
76%
Missouri
72%

Score Distribution

Percentile by Number Answered

Percent of People with Each Score

Your Score History

You have not taken this quiz